书目信息 |
| 题名: |
典当基础知识
|
|
| 作者: | 李沙 著 | |
| 分册: | ||
| 出版信息: | 北京 学苑出版社 2001 |
|
| 页数: | 447页 | |
| 开本: | 32开 | |
| 丛书名: | 华融典当丛书 | |
| 单 册: | ||
| 中图分类: | F830.39 | |
| 科图分类: | ||
| 主题词: | 典当业--基本知识 | |
| 电子资源: | ||
| ISBN: | 7-5077-1537-X | |
| 000 | 00591nam0 2200217 45 | |
| 001 | 0204220938 | |
| 005 | 20031219104054.8 | |
| 010 | @a7-5077-1537-X@dCNY28.00 | |
| 100 | @a20020422d2001 km y0chiy0120 ea | |
| 101 | 0 | @achi |
| 105 | @a n 000yy | |
| 200 | 1 | @a典当基础知识@ADian Dang Ji Chu Zhi Shi@f李沙著@FLi Sha Zhu |
| 210 | @a北京@c学苑出版社@d2001 | |
| 215 | @a447页@d32开 | |
| 225 | @a华融典当丛书 | |
| 410 | @12001 @a华融典当丛书 | |
| 606 | 0 | @a典当业@x基本知识 |
| 690 | @aF830.39@v4 | |
| 701 | @a李沙@4著 | |
| 801 | @aCN@bTSTC@c20020422 | |
| 905 | @b308710-712@dF830.39@e15@f3 | |
| 典当基础知识/李沙著.-北京:学苑出版社,2001 |
| 447页;32开.-(华融典当丛书) |
| ISBN 7-5077-1537-X:CNY28.00 |
| ● |
| 相关链接 |
|
|
|
|
正题名:典当基础知识
索取号:F830.39/15
 
预约/预借
| 序号 | 登录号 | 条形码 | 馆藏地/架位号 | 状态 | 备注 |
| 1 | 0308710 | 203087104 | 第一借阅区/ [索取号:F830.39/15] | 在馆 | |
| 2 | 0308711 | 203087113 | 第一借阅区/ [索取号:F830.39/15] | 在馆 | |
| 3 | 0308712 | 203087122 | 第一样本阅览室/ [索取号:F830.39/15] | 在馆 |